Giulia Caminito, Un jour viendra, Traduit de l’italien par Laura Brignon. Gallmeister, 2021, 288 pages, 22,60 €. (notice n° 1618189)
[ vue normale ]
| 000 -LEADER | |
|---|---|
| fixed length control field | 01155cam a2200157 4500500 |
| 005 - DATE AND TIME OF LATEST TRANSACTION | |
| control field | 20260111085540.0 |
| 041 ## - LANGUAGE CODE | |
| Language code of text/sound track or separate title | fre |
| 042 ## - AUTHENTICATION CODE | |
| Authentication code | dc |
| 100 10 - MAIN ENTRY--PERSONAL NAME | |
| Personal name | Koller, Sylvie |
| Relator term | author |
| 245 00 - TITLE STATEMENT | |
| Title | Giulia Caminito, Un jour viendra, Traduit de l’italien par Laura Brignon. Gallmeister, 2021, 288 pages, 22,60 €. |
| 260 ## - PUBLICATION, DISTRIBUTION, ETC. | |
| Date of publication, distribution, etc. | 2021.<br/> |
| 500 ## - GENERAL NOTE | |
| General note | 40 |
| 520 ## - SUMMARY, ETC. | |
| Summary, etc. | Armé d’une lucidité radicale, blessé par tant d’années de solitude et d’exil intérieur dans son propre pays, l’écrivain romancier essayiste Boualem Sansal ne cesse d’éprouver à vif la rudesse, le tragique et l’absurde de l’enfermement des systèmes étatiques politico-religieux de l’Algérie d’aujourd’hui. Tout au long de cet entretien, il esquisse les lignes de tension et de résistance de son cheminement personnel, sa passion pour l’ascèse et l’écriture, ses convictions, ses rares admirations et sa vision d’un avenir qu’il entrevoit aussi sombre que périlleux. |
| 786 0# - DATA SOURCE ENTRY | |
| Note | Études | Juillet-Août | 7 | 2021-06-21 | p. 116d-144d | 0014-1941 |
| 856 41 - ELECTRONIC LOCATION AND ACCESS | |
| Uniform Resource Identifier | <a href="https://shs.cairn.info/revue-etudes-2021-7-page-116d?lang=fr&redirect-ssocas=7080">https://shs.cairn.info/revue-etudes-2021-7-page-116d?lang=fr&redirect-ssocas=7080</a> |
Pas d'exemplaire disponible.




Réseaux sociaux